|
|
|
|
| LEADER |
01122nam a22002297a 4500 |
| 001 |
AAL4379 |
| 003 |
BD-DhAAL |
| 005 |
20241101184722.0 |
| 008 |
160307s 2001bg ||||| |||| 00| 0 ben d |
| 020 |
|
|
|a 9844830605
|
| 040 |
|
|
|a BD-DhAAL
|c BD-DhAAL
|
| 082 |
|
|
|a 891.4416
|
| 245 |
|
|
|a স্মৃতিকথায় কাজী নজরুল ইসলাম :
|b জন্ম-শতবর্ষের শ্রদ্ধাঞ্জলি /
|c সম্পাদক, রফিকউল্লাহ খান সৌরভ সিকদার.
|
| 260 |
|
|
|a ঢাকা :
|b দিব্য প্রকাশ,
|c ২০০১.
|
| 300 |
|
|
|a ২৪৮ পৃষ্ঠা ;
|c ২২ সে.মি.
|
| 541 |
|
|
|e 4379
|
| 600 |
|
|
|a Nazrul Islam,
|c Kazi,
|d 1899-1976.
|9 18389
|
| 700 |
|
|
|a সিকদার, রফিকউল্লাহ খান সৌরভ.
|9 18390
|
| 852 |
|
|
|a Savar Campus Library
|c General Stacks
|
| 942 |
|
|
|2 ddc
|c BK
|
| 999 |
|
|
|c 37056
|d 37056
|
| 952 |
|
|
|0 0
|1 0
|2 ddc
|4 0
|6 891_000000000000000__4416_SRI
|7 0
|9 58304
|a SCL
|b SCL
|c GEN
|d 2016-03-07
|g 175.00
|l 1
|o 891.4416 SRI
|p 3020004379
|r 2025-05-05
|s 2025-04-23
|t 1
|w 2016-03-07
|y BK
|